| 000 | 00369nam a22001577a 4500 | ||
|---|---|---|---|
| 003 | SGT | ||
| 020 | _a9788125942672 | ||
| 082 | _a658.4012 NAG | ||
| 100 | _aNAG,A | ||
| 245 | _aSTRATEGIC MANAGEMENT: ANALYSIS, IMPLEMENTATION,CONTROL | ||
| 250 | _a1ST | ||
| 260 |
_aNEW DELHI _bVIKAS _c2011 |
||
| 300 | _a610 | ||
| 650 | _aSTRATEGIC MANAGEMENT | ||
| 942 |
_2ddc _cFCM _02 |
||
| 999 |
_c10649 _d10649 |
||